Neuralgické body středních podniků
Prieskum Inštitútu výrobného hospodárstva a kontroly v Mníchove a Kuratória racionalizácie nemeckého hospodárstva - názor bavorských a hessenských podnikov na "neuralgické body" stredných podnikov. Veľký význam pracovníkov na úspechoch podniku. Stredný podnik je zviazaný s osobnosťou podnikateľa. Ak...
Enregistré dans:
| Format: | Chapitre de livre |
|---|---|
| Langue: | tchèque |
| Sujets: | |
| Tags: |
Pas de tags, Soyez le premier à ajouter un tag!
|
MARC
| LEADER | 00000naa a2200000 4500 | ||
|---|---|---|---|
| 001 | r015358 | ||
| 005 | 20221213082458.2 | ||
| 041 | 0 | |a cze | |
| 044 | |a CZ | ||
| 245 | 1 | 0 | |a Neuralgické body středních podniků |
| 520 | |a Prieskum Inštitútu výrobného hospodárstva a kontroly v Mníchove a Kuratória racionalizácie nemeckého hospodárstva - názor bavorských a hessenských podnikov na "neuralgické body" stredných podnikov. Veľký význam pracovníkov na úspechoch podniku. Stredný podnik je zviazaný s osobnosťou podnikateľa. Akosť výrobkov - ďalší činiteľ úspechu. Najvýznamnejšia príčina neúspechu - problém následnosti vo vedení. | ||
| 610 | 2 | 0 | |a podnik stredný |
| 610 | 2 | 0 | |a pracovníci |
| 610 | 2 | 0 | |a kvalita výrobkov |
| 610 | 2 | 0 | |a vedenie podniku |
| 610 | 2 | 0 | |a Nemecko |